Discursos pronunciados en el Senado, por... Don Luis María Pastor, ex-ministro de Hacienda, en las sesiones del 9, 10 y 11 de junio de 1864. (Record no. 161508)

MARC details
000 -LEADER
campo de control de longitud fija 00941nam a22002175i 4500
001 - NÚMERO DE CONTROL
campo de control 161508
003 - IDENTIFICADOR DE NÚMERO DE CONTROL
campo de control ES-MaACL
005 - FECHA Y HORA DE LA ÚLTIMA TRANSACCIÓN
campo de control 20240510213344.0
008 - DATOS DE LONGITUD FIJA--INFORMACIÓN GENERAL
campo de control de longitud fija 010306s1864 sp |||| | spa d
080 ## - NÚMERO DE LA CLASIFICACIÓN DECIMAL UNIVERSAL
Número de la Clasificación Decimal Universal 336.1(460)"18"
100 1# - ENTRADA PRINCIPAL--NOMBRE DE PERSONA
Nombre de persona Pastor, Luis María.
9 (RLIN) 89484
245 10 - MENCIÓN DEL TÍTULO
Título Discursos pronunciados en el Senado, por... Don Luis María Pastor, ex-ministro de Hacienda, en las sesiones del 9, 10 y 11 de junio de 1864.
260 ## - PUBLICACIÓN, DISTRIBUCIÓN, ETC.
Lugar de publicación, distribución, etc. Madrid :
Nombre del editor, distribuidor, etc. [s.n.],
Fecha de publicación, distribución, etc. 1864 (
Fabricante Imp. de F.E. a cargo de T. García Navarro)
300 ## - DESCRIPCIÓN FÍSICA
Extensión 54 p. ;
Dimensiones 20 cm.
530 ## - NOTA DISPONIBLE DE FORMULARIO FÍSICO ADICIONAL
Nota de formato físico adicional disponible Disponible en formato digital.
594 ## - Nota al título y mención de responsabilidad
Nota al título y mención de responsabilidad Precede al tít.: Presupuestos de 1864 a 1865.
650 #0 - PUNTO DE ACCESO ADICIONAL DE MATERIA--TÉRMINO DE MATERIA
Término de materia o nombre geográfico como elemento de entrada Hacienda pública-
Subdivisión geográfica España-
Subdivisión cronológica S.XIX
9 (RLIN) 227084
852 4# - LOCALIZACIÓN
Ubicación ES-MaACL
Número de control de estantería T-74-F-15
Nota libre - Enc. hol., falto de cub. original
-- - Enc. en un vol. facticio
856 4# - LOCALIZACIÓN Y ACCESO ELECTRÓNICOS
Identificador Uniforme de Recursos <a href="http://bdh-rd.bne.es/viewer.vm?id=0000095388&page=1 ">http://bdh-rd.bne.es/viewer.vm?id=0000095388&page=1 </a>
Nota pública Biblioteca Digital Hispánica
Holdings
Estatus retirado Estado de pérdida Estado de daño No para préstamo Colección Biblioteca de origen Biblioteca actual Ubicación en estantería Fecha de adquisición Total de préstamos Signatura topográfica completa Código de barras Visto por última vez Precio de reemplazo Tipo de ítem Koha
        Colección de folletos Biblioteca del Ateneo de Madrid Biblioteca del Ateneo de Madrid Depósito folletos 17/01/2008   T-74-F-15 1169175 23/02/2023 23/02/2023 Folleto